Lat 30 years later
| Main Author: | |
|---|---|
| Format: | Book |
| Published: |
Petaling Jaya :
Kampung Boy Sdn. Bhd. ,
1994
|
| Subjects: |
MARC
| LEADER | 00000cam a2200000 7i4500 | ||
|---|---|---|---|
| 001 | 0000006007 | ||
| 002 | 000006493 | ||
| 005 | 20000330.0 | ||
| 020 | |a 9839961748 | ||
| 090 | 0 | 0 | |a C |b LAT |
| 100 | 0 | |a Lat | |
| 245 | 1 | 0 | |a Lat 30 years later |c Lat |
| 260 | |a Petaling Jaya : |b Kampung Boy Sdn. Bhd. , |c 1994 | ||
| 300 | |a 166p. : |b ill. ; |c 23cm. | ||
| 650 | 0 | 0 | |a Cartoon characters |z Malaysia |
| 999 | |a 037957 |b BUKU |c CARTOON |e PERPUSTAKAAN KOMUNITI PETALING JAYA | ||
| 999 | |a 037958 |b BUKU |c CARTOON |e PERPUSTAKAAN KOMUNITI PETALING JAYA | ||